00552nam a2200169 a 450000100100000000500170001000800410002702000150006804000250008308200150010810000210012324500710014426000860021530000210030150000430032270000170036500003650320200930075752.0120119s1989 ag 000 0 spa d a9509840084 aDO-SdBNPbspacBNPHU axxxbC334c1 aCasabianca, Ruth10aComo equivocarse menos en terapia /cRuth Casabianca, Hugo Hirsch. aBuenos Aires :bCentro de Publicaciones. Universidad Nacional del Litoral,c1989. a125 p. ;c20 cm. aIncluye notas al pie de las páginas.1 aHirsch, Hugo